[Event "Turkey Cup 2020"]
[Site "Antalya-Belek"]
[Date "2020.02.02"]
[Round "11.29"]
[White "Iren, Muhammet Kaan"]
[Black "Koc, Ilkay"]
[Result "1/2-1/2"]
[WhiteElo "1698"]
[BlackElo "2007"]
[Annotator "NA"]
[PlyCount "140"]
[EventDate "2020.01.26"]
[EventType "swiss"]
[EventCountry "TUR"]
[SourceTitle "playchess.com"]
[Source "ChessBase"]
[SourceQuality "1"]

1. e4 c5 2. Nf3 d6 3. Bb5+ Nd7 4. O-O a6 5. Bxd7+ Bxd7 6. c3 e6 7. d4 cxd4 8. cxd4 Ne7 9. Nc3 Ng6 10. Qb3 Rb8 11. Bg5 Be7 12. Bxe7 Nxe7 13. Qb4 Bc8 14. e5 d5 15. a4 O-O 16. a5 Nc6 17. Qa3 b6 18. axb6 Qxb6 19. Na4 Qb5 20. Rfc1 Nb4 21. Rc5 Qe8 22. Rac1 Qd8 23. Rxc8 Rxc8 24. Rxc8 Qxc8 25. Qxb4 Qc1+ 26. Ne1 h6 27. Kf1 Qd1 28. Nc5 a5 29. Qa4 Qd2 30. Ned3 Rb8 31. g3 Ra8 32. Kg2 Rb8 33. h4 Ra8 34. Qc6 Rb8 35. Qc7 Re8 36. Qa7 Rd8 37. Qa6 Rb8 38. Qa7 Rd8 39. Qb6 Re8 40. Qb5 Ra8 41. Qb3 Qe2 42. Qc3 Kh7 43. Nf4 Qc4 44. Qd3+ Kg8 45. b3 Qb4 46. Qe3 Rd8 47. Ne2 Rb8 48. Kf1 Qa3 49. Qc1 Qb4 50. g4 Rc8 51. g5 h5 52. g6 fxg6 53. Qg5 Kh7 54. Nxe6 Qxb3 55. N6f4 Qb1+ 56. Kg2 a4 57. Qe7 Qe4+ 58. f3 Qf5 59. Ne6 Rg8 60. N2f4 Qc2+ 61. Kg3 Qc1 62. Ng5+ Kh6 63. Nf7+ Kh7 64. Ng5+ Kh6 65. Nf7+ Kh7 66. Nxd5 Qg1+ 67. Kh3 Qh1+ 68. Kg3 Qg1+ 69. Kh3 Qh1+ 70. Kg3 Qg1+ 1/2-1/2

[Event "Turkey Cup 2020"]
[Site "Antalya-Belek"]
[Date "2020.02.02"]
[Round "11.30"]
[White "Kamer, Kayra"]
[Black "Kaptan, Emre Akin"]
[Result "1-0"]
[WhiteElo "2348"]
[BlackElo "1869"]
[Annotator "TA"]
[PlyCount "93"]
[EventDate "2020.01.26"]
[EventType "swiss"]
[EventCountry "TUR"]
[SourceTitle "playchess.com"]
[Source "ChessBase"]
[SourceQuality "1"]

1. Nc3 e5 2. Nf3 Nc6 3. d4 exd4 4. Nxd4 Nf6 5. Bg5 Be7 6. Nf5 Rg8 7. Nxe7 Nxe7 8. e4 d6 9. Qd4 Nc6 10. Bb5 Bd7 11. Bxc6 Bxc6 12. O-O-O h6 13. Bh4 g5 14. e5 dxe5 15. Qxe5+ Qe7 16. Qf5 Bd7 17. Rxd7 Qxd7 18. Qxf6 gxh4 19. Re1+ Kf8 20. Qxh6+ Rg7 21. Qh8+ Rg8 22. Qh6+ Rg7 23. Ne4 Qe6 24. Qh8+ Rg8 25. Qxh4 Re8 26. Re3 Qg4 27. Qh6+ Qg7 28. Qf4 Qg4 29. Qxc7 Rxe4 30. Qc5+ Ke8 31. f3 Qf4 32. Qc8+ Ke7 33. Qxb7+ Kf6 34. Qxe4 Qxh2 35. Qd4+ Kf5 36. g4+ Kg6 37. Qe4+ Kh6 38. Re2 Qg1+ 39. Re1 Qg2 40. Qf4+ Kg6 41. b3 Kg7 42. Re7 Rf8 43. Kb2 a5 44. Re5 f6 45. Rxa5 Rf7 46. a4 Qe2 47. Rh5 1-0

[Event "Turkey Cup 2020"]
[Site "Antalya-Belek"]
[Date "2020.02.02"]
[Round "11.31"]
[White "Ozer, Omer Faruk"]
[Black "Canbulan, Arda"]
[Result "1-0"]
[WhiteElo "2338"]
[BlackElo "1840"]
[Annotator "TA"]
[PlyCount "47"]
[EventDate "2020.01.26"]
[EventType "swiss"]
[EventCountry "TUR"]
[SourceTitle "playchess.com"]
[Source "ChessBase"]
[SourceQuality "1"]

1. e4 e5 2. Nf3 Nc6 3. Bc4 Nf6 4. d3 Be7 5. a4 O-O 6. O-O d6 7. a5 a6 8. c3 d5 9. exd5 Nxd5 10. h3 Bf6 11. Nbd2 Be6 12. Ne4 Nf4 13. Bxf4 exf4 14. Qb3 Bxc4 15. Qxc4 Ne5 16. Nxe5 Bxe5 17. d4 Bd6 18. Qd3 Re8 19. Rfe1 Bf8 20. Qf3 g5 21. h4 h6 22. hxg5 hxg5 23. Qh5 Be7 24. Re2 1-0

[Event "Turkey Cup 2020"]
[Site "Antalya-Belek"]
[Date "2020.02.02"]
[Round "11.31"]
[White "Ozer, Omer Faruk"]
[Black "Canbulan, Arda"]
[Result "*"]
[WhiteElo "2338"]
[BlackElo "1840"]
[Annotator "TA"]
[PlyCount "51"]
[EventDate "2020.01.26"]
[EventType "swiss"]
[EventCountry "TUR"]
[SourceTitle "playchess.com"]
[Source "ChessBase"]
[SourceQuality "1"]

1. e4 e5 2. Nf3 Nc6 3. Bc4 Nf6 4. d3 Be7 5. a4 O-O 6. O-O d6 7. a5 a6 8. c3 d5 9. exd5 Nxd5 10. h3 Bf6 11. Nbd2 Be6 12. Ne4 Nf4 13. Bxf4 exf4 14. Qb3 Bxc4 15. Qxc4 Ne5 16. Nxe5 Bxe5 17. d4 Bd6 18. Qd3 Re8 19. Rfe1 Bf8 20. Qf3 g5 21. h4 h6 22. hxg5 hxg5 23. Qh5 Be7 24. Nxg5 Bxg5 25. Qxg5+ Kf8 26. Qxf4 *

[Event "Turkey Cup 2020"]
[Site "Antalya-Belek"]
[Date "2020.02.02"]
[Round "11.32"]
[White "Gunay, Mehmet Eren"]
[Black "Unat, Can Haktan"]
[Result "0-1"]
[WhiteElo "1803"]
[BlackElo "2257"]
[Annotator "ChessBase"]
[PlyCount "76"]
[EventDate "2020.01.26"]
[EventType "swiss"]
[EventCountry "TUR"]
[SourceTitle "playchess.com"]
[Source "ChessBase"]
[SourceQuality "1"]

1. e4 c5 2. Nf3 e6 3. c4 Nc6 4. d4 cxd4 5. Nxd4 Nf6 6. Nc3 Bb4 7. Nxc6 bxc6 8. Bd3 e5 9. Bd2 O-O 10. O-O Rb8 11. a3 Be7 12. Rb1 Ne8 13. Kh1 Nc7 14. f4 d6 15. Be3 exf4 16. Bxf4 Bg5 17. Bg3 Bf6 18. Qc2 Be5 19. Ne2 Ne6 20. Bxe5 dxe5 21. b4 Qe7 22. c5 Rd8 23. Bc4 Ng5 24. Ng3 g6 25. Rf2 h5 26. Rbf1 h4 27. Ne2 h3 28. g3 Bg4 29. Rf6 Kg7 30. Qc1 Qxf6 31. Rxf6 Kxf6 32. b5 cxb5 33. c6 bxc4 34. c7 Bxe2 35. Kg1 Rbc8 36. cxd8=Q+ Rxd8 37. Kf2 Bd3 38. Ke3 Rd4 0-1

[Event "Turkey Cup 2020"]
[Site "Antalya-Belek"]
[Date "2020.02.02"]
[Round "11.33"]
[White "Bek, Emir"]
[Black "Gallevci, Yagiz"]
[Result "0-1"]
[WhiteElo "1829"]
[BlackElo "2186"]
[Annotator "ChessBase"]
[PlyCount "44"]
[EventDate "2020.01.26"]
[EventType "swiss"]
[EventCountry "TUR"]
[SourceTitle "playchess.com"]
[Source "ChessBase"]
[SourceQuality "1"]

1. d4 d5 2. c4 c6 3. Nc3 Nf6 4. e3 e6 5. Nf3 Nbd7 6. a3 Bd6 7. c5 Bc7 8. b4 e5 9. dxe5 Nxe5 10. Be2 Qe7 11. Bb2 O-O 12. O-O Nfg4 13. h3 Nxf3+ 14. Bxf3 Qe5 15. g3 Nxe3 16. fxe3 Qxg3+ 17. Bg2 Qh2+ 18. Kf2 Bg3+ 19. Kf3 Bh4 20. Ne2 Bxh3 21. Rg1 f5 22. Bxh3 Qf2# 0-1

[Event "Turkey Cup 2020"]
[Site "Antalya-Belek"]
[Date "2020.02.02"]
[Round "11.34"]
[White "Bacak, Muhammed Kaan"]
[Black "Kazik, Oguz Kagan"]
[Result "1/2-1/2"]
[WhiteElo "2158"]
[BlackElo "1888"]
[Annotator "ChessBase"]
[PlyCount "95"]
[EventDate "2020.01.26"]
[EventType "swiss"]
[EventCountry "TUR"]
[SourceTitle "playchess.com"]
[Source "ChessBase"]
[SourceQuality "1"]

1. Nf3 d5 2. c4 d4 3. g3 Nc6 4. Bg2 e5 5. d3 Bb4+ 6. Nbd2 a5 7. O-O Nf6 8. a3 Bc5 9. Qc2 O-O 10. Nb3 Ba7 11. Bd2 a4 12. Na5 Nxa5 13. Bxa5 Bc5 14. Bb4 Qe7 15. Bxc5 Qxc5 16. Nd2 Ra7 17. b4 axb3 18. Nxb3 Qe7 19. a4 Be6 20. a5 Nd7 21. Ra2 Rb8 22. Qd2 Ra6 23. Rfa1 c6 24. Qc2 Rba8 25. Rb2 R8a7 26. Rab1 h6 27. Qd2 Qd6 28. Qe1 Qe7 29. e3 dxe3 30. Qxe3 Qd6 31. Be4 Ra8 32. Kg2 Rb8 33. Qd2 Qe7 34. Qc3 Nf6 35. Bf3 Bf5 36. Nd2 Qc7 37. Nb3 e4 38. Be2 exd3 39. Bxd3 Bxd3 40. Qxd3 Rd8 41. Qe3 b6 42. axb6 Rxb6 43. Nc5 Rxb2 44. Rxb2 Re8 45. Qd4 Rd8 46. Qe3 Re8 47. Qd4 Rd8 48. Qe3 1/2-1/2

[Event "Turkey Cup 2020"]
[Site "Antalya-Belek"]
[Date "2020.02.02"]
[Round "11.35"]
[White "Kocakaplan, Emre"]
[Black "Korkmaz, Necmettin"]
[Result "0-1"]
[WhiteElo "1857"]
[BlackElo "2157"]
[Annotator "ChessBase"]
[PlyCount "73"]
[EventDate "2020.01.26"]
[EventType "swiss"]
[EventCountry "TUR"]
[SourceTitle "playchess.com"]
[Source "ChessBase"]
[SourceQuality "1"]

1. d4 d5 2. Nf3 Nf6 3. c4 c6 4. g3 g6 5. Bg2 Bg7 6. O-O O-O 7. Nbd2 a5 8. b3 a4 9. b4 Bf5 10. c5 Na6 11. a3 Nc7 12. Ne5 Nd7 13. f4 f6 14. Nxd7 Qxd7 15. Nf3 Be4 16. Bb2 Rfe8 17. Re1 Nb5 18. Nd2 Bxg2 19. Kxg2 e5 20. dxe5 fxe5 21. fxe5 Bxe5 22. Bxe5 Rxe5 23. e4 dxe4 24. Nxe4 Qe6 25. Ng5 Rxe1 26. Nxe6 Rxd1 27. Rxd1 Nxa3 28. Rd7 Nc2 29. Ng5 a3 30. Ne4 Ne3+ 31. Kf3 Nd5 32. Nd2 a2 33. Nb3 Ra3 34. Rxd5 Rxb3+ 35. Rd3 Rxd3+ 36. Kg4 a1=Q 37. h4 0-1

[Event "Turkey Cup 2020"]
[Site "Antalya-Belek"]
[Date "2020.02.02"]
[Round "11.36"]
[White "Seyhanoglu, Deniz"]
[Black "Bayik, Hasan"]
[Result "1/2-1/2"]
[WhiteElo "2087"]
[BlackElo "1822"]
[Annotator "NA"]
[PlyCount "87"]
[EventDate "2020.01.26"]
[EventType "swiss"]
[EventCountry "TUR"]
[SourceTitle "playchess.com"]
[Source "ChessBase"]
[SourceQuality "1"]

1. c4 c5 2. g3 Nc6 3. Bg2 Nf6 4. Nc3 e6 5. Nf3 d5 6. cxd5 exd5 7. d4 Be6 8. O-O Be7 9. b3 Ne4 10. Bb2 Bf6 11. Nxe4 dxe4 12. Nd2 e3 13. fxe3 Bg5 14. Nc4 Bxc4 15. bxc4 Bxe3+ 16. Kh1 Bxd4 17. Bxd4 Qxd4 18. Qb3 O-O 19. Rad1 Qe5 20. Qxb7 Ne7 21. Qxa8 Rxa8 22. Bxa8 f6 23. Bd5+ Kf8 24. e4 Ke8 25. Rfe1 h5 26. Re3 g5 27. Kg1 f5 28. Ree1 f4 29. gxf4 gxf4 30. Rf1 h4 31. Rf3 Qh5 32. Kf2 Ng6 33. Bc6+ Ke7 34. Rd7+ Ke6 35. Rd5 Qh8 36. e5 Nxe5 37. Rxf4 Nxc6 38. Re4+ Kf7 39. Rf4+ Ke6 40. Re4+ Ne5 41. Rdxe5+ Qxe5 42. Ke3 h3 43. Kf3 a5 44. a4 1/2-1/2

[Event "Turkey Cup 2020"]
[Site "Antalya-Belek"]
[Date "2020.02.02"]
[Round "11.37"]
[White "Sahin, Handenur"]
[Black "Zekeriyaoglu, Ersen"]
[Result "0-1"]
[WhiteElo "2024"]
[BlackElo "1799"]
[Annotator "NA"]
[PlyCount "64"]
[EventDate "2020.01.26"]
[EventType "swiss"]
[EventCountry "TUR"]
[SourceTitle "playchess.com"]
[Source "ChessBase"]
[SourceQuality "1"]

1. e4 b6 2. d4 Bb7 3. Nc3 e6 4. Nf3 Bb4 5. Bd3 Nf6 6. Qe2 d5 7. exd5 Qxd5 8. O-O Bxc3 9. bxc3 Qh5 10. Bb5+ Nbd7 11. Bf4 O-O 12. Rab1 c5 13. Rfe1 Rfc8 14. Ne5 Qxe2 15. Rxe2 Nd5 16. Nxd7 Nxf4 17. Rd2 Nd5 18. dxc5 Nxc3 19. Rb3 Ne4 20. Rd1 Nxc5 21. Nxc5 Rxc5 22. Rd7 Bd5 23. Rb2 Rxb5 24. Rxb5 Bc6 25. Rxa7 Rxa7 26. Rxb6 Rb7 27. Rxb7 Bxb7 28. c4 Kf8 29. Kf1 Ke7 30. Ke2 Kd6 31. Kd3 Bxg2 32. Kd4 e5+ 0-1

[Event "Turkey Cup 2020"]
[Site "Antalya-Belek"]
[Date "2020.02.02"]
[Round "11.38"]
[White "Buke, Furkan"]
[Black "Sat, Eray"]
[Result "1/2-1/2"]
[WhiteElo "2041"]
[BlackElo "1781"]
[Annotator "NA"]
[PlyCount "174"]
[EventDate "2020.01.26"]
[EventType "swiss"]
[EventCountry "TUR"]
[SourceTitle "playchess.com"]
[Source "ChessBase"]
[SourceQuality "1"]

1. e4 c5 2. Nf3 d6 3. d4 cxd4 4. Nxd4 Nf6 5. Nc3 g6 6. g3 Bg7 7. Bg2 O-O 8. O-O Nc6 9. Nde2 Be6 10. Nf4 Bg4 11. f3 Bd7 12. Be3 Ne5 13. Bf2 b5 14. Rb1 Bc6 15. Ncd5 e6 16. Nxf6+ Bxf6 17. Ne2 d5 18. Nd4 dxe4 19. Nxc6 Nxc6 20. fxe4 Ne5 21. Qe2 a6 22. Rbd1 Qe7 23. Bd4 Bg7 24. c3 Rac8 25. Qf2 h5 26. Kh1 Ng4 27. Qe2 e5 28. Bg1 Rc4 29. Qd3 Rc6 30. h3 Nf6 31. Be3 Rfc8 32. a3 Qe6 33. Bg5 Nh7 34. Be3 Nf6 35. Rf2 Qc4 36. Qb1 a5 37. Rdf1 R8c7 38. Bg5 Ne8 39. Qd1 Rd6 40. Rd2 Rcd7 41. Rxd6 Rxd6 42. Qf3 Rd3 43. Qf2 Nd6 44. Re1 b4 45. cxb4 axb4 46. axb4 Qxb4 47. Be7 Rd2 48. Bxd6 Qxb2 49. Qf1 Rxd6 50. Rb1 Qc3 51. Qe1 Qxe1+ 52. Rxe1 Rd3 53. Kh2 Bh6 54. Bf1 Rc3 55. h4 Be3 56. Kg2 Kg7 57. Be2 Rc2 58. Kh3 Bf2 59. Bd3 Rd2 60. Re2 Rxd3 61. Rxf2 Re3 62. Kg2 Rxe4 63. Ra2 Kf6 64. Kf3 Rd4 65. Ra7 Ke6 66. Ke3 Rd7 67. Ra6+ Kf5 68. Ra4 Rb7 69. Kf2 Rb3 70. Kg2 f6 71. Rc4 Rd3 72. Ra4 e4 73. Kh3 Ke5 74. Kg2 f5 75. Kf2 f4 76. Ra5+ Kf6 77. Ra6+ Kf5 78. Ra5+ Kg4 79. Rg5+ Kh3 80. gxf4 Rf3+ 81. Ke2 Rxf4 82. Rxg6 Rxh4 83. Rg5 Kh2 84. Kf2 Rf4+ 85. Ke3 Rh4 86. Kf2 e3+ 87. Kxe3 Kh3 1/2-1/2

[Event "Turkey Cup 2020"]
[Site "Antalya-Belek"]
[Date "2020.02.02"]
[Round "11.39"]
[White "Selvi, Kaan"]
[Black "Okus, Melih"]
[Result "1-0"]
[WhiteElo "1907"]
[BlackElo "1933"]
[Annotator "NA"]
[PlyCount "129"]
[EventDate "2020.01.26"]
[EventType "swiss"]
[EventCountry "TUR"]
[SourceTitle "playchess.com"]
[Source "ChessBase"]
[SourceQuality "1"]

1. e4 d6 2. d4 Nf6 3. Nc3 e5 4. dxe5 dxe5 5. Qxd8+ Kxd8 6. Bg5 Be6 7. O-O-O+ Nbd7 8. Nf3 Kc8 9. Bh4 Bb4 10. Nd5 Bd6 11. Ng5 Bxd5 12. exd5 Rf8 13. f3 Nc5 14. Bd3 Nxd3+ 15. Rxd3 Kd7 16. Re1 Nh5 17. Bg3 Nxg3 18. hxg3 Be7 19. Nh3 Bd6 20. Ng5 h6 21. Ne4 f5 22. Nd2 Rae8 23. a3 Rf6 24. Rde3 Rg6 25. f4 e4 26. b4 Rg4 27. Rf1 Rf8 28. Nc4 Re8 29. Na5 g5 30. fxg5 Bxg3 31. Kd1 f4 32. Re2 b6 33. Nc6 Rxg5 34. Nxa7 Rxd5+ 35. Rd2 Rxd2+ 36. Kxd2 Re5 37. c4 Rh5 38. Rd1 Rh2 39. Kc2+ Ke6 40. Rd2 h5 41. Nb5 e3 42. Re2 h4 43. Nd4+ Kf6 44. Kd3 Ke5 45. Nf3+ Kf5 46. Nxh2 Bxh2 47. a4 Bg1 48. a5 bxa5 49. bxa5 f3 50. gxf3 h3 51. a6 Bf2 52. a7 h2 53. a8=Q h1=Q 54. Qf8+ Ke6 55. Qe8+ Kd6 56. Qd8+ Ke6 57. Qe8+ Kd6 58. c5+ Kd5 59. Qe4+ Kxc5 60. Qe5+ Kb6 61. Rb2+ Kc6 62. Qe6+ Kc5 63. Rc2+ Kb5 64. Qb3+ Ka5 65. Ra2# 1-0

[Event "Turkey Cup 2020"]
[Site "Antalya-Belek"]
[Date "2020.02.02"]
[Round "11.40"]
[White "Ozcan, Ilker"]
[Black "Erdogan, Atakan"]
[Result "1-0"]
[WhiteElo "1858"]
[BlackElo "1901"]
[Annotator "NA"]
[PlyCount "65"]
[EventDate "2020.01.26"]
[EventType "swiss"]
[EventCountry "TUR"]
[SourceTitle "playchess.com"]
[Source "ChessBase"]
[SourceQuality "1"]

1. e4 c5 2. Nf3 e6 3. d4 cxd4 4. Nxd4 a6 5. Bd3 Qc7 6. O-O Nf6 7. Qe2 d6 8. Nc3 Be7 9. Kh1 b5 10. a3 O-O 11. f4 Bb7 12. Bd2 Nbd7 13. Rae1 Nc5 14. Nf3 d5 15. e5 Nfe4 16. Nd4 g6 17. Qe3 Rac8 18. Nce2 Na4 19. Bc1 Nb6 20. b3 Nd7 21. Bb2 Ndc5 22. g4 Qd7 23. Nf3 f5 24. Rg1 Kh8 25. Ned4 Rf7 26. Rg2 fxg4 27. Rxg4 Rcf8 28. Reg1 Nxd3 29. cxd3 Nc5 30. h4 a5 31. h5 gxh5 32. R4g2 Rxf4 33. Qxf4 1-0

[Event "Turkey Cup 2020"]
[Site "Antalya-Belek"]
[Date "2020.02.02"]
[Round "11.41"]
[White "Isik, Can"]
[Black "Dogdu, Mehmet"]
[Result "0-1"]
[WhiteElo "1710"]
[BlackElo "1914"]
[Annotator "NA"]
[PlyCount "102"]
[EventDate "2020.01.26"]
[EventType "swiss"]
[EventCountry "TUR"]
[SourceTitle "playchess.com"]
[Source "ChessBase"]
[SourceQuality "1"]

1. e4 c5 2. c3 Nf6 3. e5 Nd5 4. d4 cxd4 5. Nf3 Nc6 6. cxd4 d6 7. Bc4 Nb6 8. Bb5 e6 9. O-O Bd7 10. Nc3 dxe5 11. dxe5 Nb4 12. Bg5 Be7 13. Bxd7+ Qxd7 14. Ne4 Qxd1 15. Rfxd1 N4d5 16. Rac1 h6 17. Bxe7 Kxe7 18. Nc5 Rab8 19. Nd4 Rhd8 20. Kf1 Nd7 21. Nf5+ Kf8 22. Rxd5 Nxc5 23. Rxd8+ Rxd8 24. Rxc5 exf5 25. Rc7 Rd1+ 26. Ke2 Rd5 27. Rxb7 Rxe5+ 28. Kd3 Ra5 29. a3 g5 30. Kc4 f4 31. Kb4 Re5 32. Rxa7 Re2 33. Kc3 Rxf2 34. b4 Rxg2 35. Rd7 Rxh2 36. b5 Re2 37. b6 f3 38. Rd8+ Kg7 39. b7 f2 40. b8=Q f1=Q 41. Rg8+ Kh7 42. Rh8+ Kg6 43. Rg8+ Kh5 44. Qd6 Qf3+ 45. Kc4 Re4+ 46. Kb5 Qf5+ 47. Qc5 Re5 48. Rc8 Qd3+ 49. Ka4 Rxc5 50. Rxc5 f5 51. Kb4 Qb1+ 0-1

[Event "Turkey Cup 2020"]
[Site "Antalya-Belek"]
[Date "2020.02.02"]
[Round "11.42"]
[White "Aydogdu, Cagatay"]
[Black "Yasin, Hur"]
[Result "1-0"]
[WhiteElo "1803"]
[BlackElo "1936"]
[Annotator "NA"]
[PlyCount "67"]
[EventDate "2020.01.26"]
[EventType "swiss"]
[EventCountry "TUR"]
[SourceTitle "playchess.com"]
[Source "ChessBase"]
[SourceQuality "1"]

1. c4 e6 2. Nc3 d5 3. d4 c5 4. cxd5 cxd4 5. Qxd4 Nc6 6. Qd1 exd5 7. Qxd5 Be6 8. Qxd8+ Rxd8 9. Bg5 f6 10. Bd2 Nb4 11. Rc1 Nxa2 12. Nxa2 Bxa2 13. Ra1 Bc4 14. Rxa7 Ba6 15. b4 Ne7 16. b5 Nc8 17. Rxa6 bxa6 18. bxa6 Bc5 19. e3 Nd6 20. Bd3 Nf7 21. Bb5+ Ke7 22. Nf3 Rb8 23. Bd3 Rhd8 24. Ke2 Rb2 25. Rc1 Bb4 26. Rc7+ Kf8 27. Rb7 Ne5 28. a7 Nc6 29. Rxb4 Ra2 30. Rb6 Nxa7 31. Bc4 Rc2 32. Bb3 Rb2 33. Nd4 Rd7 34. Rb8+ 1-0

[Event "Turkey Cup 2020"]
[Site "Antalya-Belek"]
[Date "2020.02.02"]
[Round "11.43"]
[White "Hatipli, Mehmet"]
[Black "Aslanhan, Halis"]
[Result "1-0"]
[WhiteElo "1873"]
[BlackElo "1774"]
[Annotator "NA"]
[PlyCount "105"]
[EventDate "2020.01.26"]
[EventType "swiss"]
[EventCountry "TUR"]
[SourceTitle "playchess.com"]
[Source "ChessBase"]
[SourceQuality "1"]

1. e4 c5 2. Nf3 e6 3. d4 cxd4 4. Nxd4 a6 5. Bd3 Qc7 6. Qe2 d6 7. O-O Nf6 8. c4 Be7 9. Nc3 Nc6 10. Nxc6 bxc6 11. Be3 Bd7 12. f4 O-O 13. g4 Ne8 14. g5 f5 15. exf5 exf5 16. Bd4 Rf7 17. c5 d5 18. b4 Bc8 19. h4 g6 20. h5 Ng7 21. h6 Ne6 22. Be5 Qd8 23. Na4 Bxg5 24. Nb6 Bxf4 25. Rxf4 Qg5+ 26. Qg2 Nxf4 27. Qxg5 Nh3+ 28. Kg2 Nxg5 29. Nxa8 f4 30. Nb6 Bh3+ 31. Kh2 Nf3+ 32. Kxh3 Nxe5 33. Bxa6 g5 34. Bc8 Rf6 35. a4 Rxh6+ 36. Kg2 f3+ 37. Kg3 Nd3 38. a5 Nxb4 39. a6 Nxa6 40. Bxa6 Rf6 41. Rf1 Rf7 42. Rxf3 Ra7 43. Bc8 Kg7 44. Kg4 h6 45. Be6 Re7 46. Bf5 Re1 47. Bd3 Rc1 48. Nd7 Rc3 49. Kf5 Kf7 50. Be2 Rc2 51. Re3 d4 52. Bh5+ Kg7 53. Re7+ 1-0

[Event "Turkey Cup 2020"]
[Site "Antalya-Belek"]
[Date "2020.02.02"]
[Round "11.44"]
[White "Ince, Taylan Ruzgar"]
[Black "Caner, Resul"]
[Result "1/2-1/2"]
[WhiteElo "1704"]
[BlackElo "1932"]
[Annotator "NA"]
[PlyCount "68"]
[EventDate "2020.01.26"]
[EventType "swiss"]
[EventCountry "TUR"]
[SourceTitle "playchess.com"]
[Source "ChessBase"]
[SourceQuality "1"]

1. e4 e6 2. d4 d5 3. Nc3 Nf6 4. Bg5 Be7 5. e5 Nfd7 6. Bxe7 Qxe7 7. f4 O-O 8. Nf3 a6 9. Bd3 f6 10. O-O c5 11. dxc5 Nc6 12. exf6 Qxc5+ 13. Kh1 Nxf6 14. Ne5 Qb6 15. Rb1 Nb4 16. Ne2 Nxd3 17. Qxd3 Nd7 18. Nd4 Nxe5 19. fxe5 Bd7 20. c3 Qa5 21. a3 Qc7 22. Qe2 b5 23. Qh5 Qc4 24. Kg1 a5 25. Qg5 Rxf1+ 26. Rxf1 Qc5 27. h4 h6 28. Qg6 Qe7 29. Rf6 b4 30. h5 bxa3 31. bxa3 Rf8 32. Nxe6 Bxe6 33. Rxe6 Qxa3 34. Re8 Qc1+ 1/2-1/2

[Event "Turkey Cup 2020"]
[Site "Antalya-Belek"]
[Date "2020.02.02"]
[Round "11.45"]
[White "Danaci, Ege"]
[Black "Temel, Burcu Melis"]
[Result "1-0"]
[WhiteElo "1974"]
[BlackElo "1752"]
[Annotator "NA"]
[PlyCount "79"]
[EventDate "2020.01.26"]
[EventType "swiss"]
[EventCountry "TUR"]
[SourceTitle "playchess.com"]
[Source "ChessBase"]
[SourceQuality "1"]

1. e4 c5 2. Nf3 e6 3. d4 cxd4 4. Nxd4 Nc6 5. Nc3 Qc7 6. Be3 a6 7. Bd3 Nf6 8. O-O Be7 9. f4 d6 10. Qe2 O-O 11. Rae1 b5 12. e5 Ne8 13. Qh5 g6 14. Qh6 f5 15. exf6 Bxf6 16. Nxc6 Qxc6 17. Ne4 Bg7 18. Qh4 Bb7 19. Qh3 Qd5 20. Ng5 Nf6 21. Qxe6+ Kh8 22. Qxd5 Nxd5 23. Bc1 Nb4 24. Rd1 Nxa2 25. Ne6 Nxc1 26. Rxc1 Bxb2 27. Nxf8 Bxc1 28. Nxg6+ hxg6 29. Rxc1 Kg7 30. Re1 Bd5 31. Ra1 Bb7 32. Kf2 Rc8 33. g4 Rc3 34. Ke3 d5 35. Kd4 Rc7 36. Re1 Bc8 37. h3 b4 38. Kxd5 a5 39. Ra1 Ra7 40. Ke4 1-0

[Event "Turkey Cup 2020"]
[Site "Antalya-Belek"]
[Date "2020.02.02"]
[Round "11.46"]
[White "Durmus, Kenan"]
[Black "Demir, Bilal"]
[Result "0-1"]
[WhiteElo "1611"]
[BlackElo "1964"]
[Annotator "NA"]
[PlyCount "66"]
[EventDate "2020.01.26"]
[EventType "swiss"]
[EventCountry "TUR"]
[SourceTitle "playchess.com"]
[Source "ChessBase"]
[SourceQuality "1"]

1. e4 d6 2. d4 Nf6 3. Nc3 Nbd7 4. Nf3 c6 5. h3 e5 6. dxe5 dxe5 7. Be3 Bb4 8. Bd3 Qc7 9. Qd2 Nc5 10. a3 Ncxe4 11. Bxe4 Nxe4 12. Qd3 Bxc3+ 13. bxc3 Nf6 14. Ng5 O-O 15. Ne4 Nd5 16. Bc5 Rd8 17. Bd6 Qa5 18. Bxe5 Nf4 19. Nf6+ gxf6 20. Qg3+ Ng6 21. Bxf6 Re8+ 22. Kf1 Qf5 23. Bd4 Qf4 24. Qxf4 Nxf4 25. c4 Be6 26. Be3 Bxc4+ 27. Kg1 Nd5 28. Re1 Nxe3 29. Rxe3 Rxe3 30. fxe3 Rd8 31. Kf2 Rd2+ 32. Kg3 Bd5 33. h4 Rxg2+ 0-1

[Event "Turkey Cup 2020"]
[Site "Antalya-Belek"]
[Date "2020.02.02"]
[Round "11.47"]
[White "Aysoy, Veysi"]
[Black "Camdereli, Gunduz"]
[Result "0-1"]
[WhiteElo "1869"]
[BlackElo "1763"]
[Annotator "NA"]
[PlyCount "88"]
[EventDate "2020.01.26"]
[EventType "swiss"]
[EventCountry "TUR"]
[SourceTitle "playchess.com"]
[Source "ChessBase"]
[SourceQuality "1"]

1. e4 e5 2. Nf3 Nc6 3. d4 exd4 4. Bc4 Nf6 5. e5 d5 6. Bb5 Ne4 7. Nxd4 Bd7 8. Bxc6 bxc6 9. O-O Bc5 10. f3 Ng5 11. f4 Ne4 12. Be3 O-O 13. Nd2 Nxd2 14. Qxd2 Qe7 15. Rae1 Bb6 16. Kh1 c5 17. Nf3 Bc6 18. f5 f6 19. Bf2 Qd7 20. e6 Qe7 21. Qf4 Bb5 22. Rg1 c4 23. Bd4 c5 24. Be3 d4 25. Bd2 Rad8 26. Qg4 Rd5 27. Re4 Ba4 28. b3 cxb3 29. axb3 Be8 30. Qh3 g5 31. Rf1 Kg7 32. Nxg5 fxg5 33. c4 dxc3 34. Bxc3+ Rd4 35. Qe3 Kg8 36. f6 Rxf6 37. Qxg5+ Qg7 38. Qxg7+ Kxg7 39. Rxf6 Kxf6 40. Re1 Ke7 41. Bxd4 cxd4 42. Kg1 d3+ 43. Kh1 Bh5 44. h3 d2 0-1

[Event "Turkey Cup 2020"]
[Site "Antalya-Belek"]
[Date "2020.02.02"]
[Round "11.48"]
[White "Karakaya, Mehmet"]
[Black "Yarar, Muammer Atakan"]
[Result "1-0"]
[WhiteElo "1367"]
[BlackElo "1812"]
[Annotator "NA"]
[PlyCount "115"]
[EventDate "2020.01.26"]
[EventType "swiss"]
[EventCountry "TUR"]
[SourceTitle "playchess.com"]
[Source "ChessBase"]
[SourceQuality "1"]

1. e4 c6 2. Nc3 d5 3. Nf3 Bg4 4. h3 Bxf3 5. Qxf3 e6 6. d4 dxe4 7. Qxe4 Nf6 8. Qd3 Nbd7 9. Be2 Qc7 10. g3 Bd6 11. Ne4 Nxe4 12. Qxe4 Nf6 13. Qf3 a5 14. a4 Rd8 15. c3 O-O 16. O-O Nd7 17. Rd1 Rfe8 18. Kg2 e5 19. Be3 e4 20. Qf5 g6 21. Qg5 Nf8 22. Bc4 Ne6 23. Qg4 Ng7 24. Re1 Kh8 25. Bg5 Be7 26. Bxf7 Rf8 27. Bxe7 Qxe7 28. Bc4 Qf6 29. Rf1 h5 30. Qxe4 Rde8 31. Qd3 Nf5 32. Kg1 Qg5 33. Rae1 Rxe1 34. Rxe1 Nh4 35. Re3 Nf5 36. Re1 Nh4 37. Re3 Nf5 38. Re2 Nh4 39. Qe3 Nf3+ 40. Kg2 Nh4+ 41. Kf1 Qxe3 42. Rxe3 Nf5 43. Rf3 Kg7 44. g4 hxg4 45. hxg4 Nd6 46. Rxf8 Kxf8 47. Bd3 Kf7 48. f4 b5 49. d5 cxd5 50. axb5 Nc8 51. Ke2 Kf6 52. Ke3 g5 53. fxg5+ Kxg5 54. Be2 Nb6 55. Kd4 Kf4 56. Kc5 Na4+ 57. Kxd5 Nxb2 58. b6 1-0

[Event "Turkey Cup 2020"]
[Site "Antalya-Belek"]
[Date "2020.02.02"]
[Round "11.49"]
[White "Aydogdu, Selcan Ayberk"]
[Black "Citil, Feyzullah"]
[Result "1-0"]
[WhiteElo "1940"]
[BlackElo "1636"]
[Annotator "NA"]
[PlyCount "95"]
[EventDate "2020.01.26"]
[EventType "swiss"]
[EventCountry "TUR"]
[SourceTitle "playchess.com"]
[Source "ChessBase"]
[SourceQuality "1"]

1. d4 Nf6 2. c4 e6 3. Nf3 b6 4. g3 Bb7 5. Bg2 d5 6. Nc3 dxc4 7. Qa4+ Nbd7 8. Qxc4 c5 9. O-O cxd4 10. Nxd4 Bxg2 11. Kxg2 Rc8 12. Qa4 Bc5 13. Ndb5 a6 14. Qxa6 O-O 15. Rd1 Qe7 16. Bg5 Ne5 17. Qa7 Qe8 18. Bxf6 Qc6+ 19. f3 gxf6 20. Qa4 f5 21. Qf4 Ng6 22. Qd2 Qa8 23. Qh6 Rcd8 24. a3 Rxd1 25. Rxd1 Rd8 26. Rxd8+ Qxd8 27. b4 Be7 28. Qe3 f4 29. Qd4 Qb8 30. Na4 Qe8 31. Qxb6 Qd7 32. Nac3 Qd2 33. Qd4 Qb2 34. Qd3 Bf6 35. Ne4 Bg7 36. Qd2 Qe5 37. Qd8+ Nf8 38. a4 Qa1 39. a5 f5 40. Ng5 Bf6 41. Qb6 Bxg5 42. a6 h5 43. a7 h4 44. gxh4 Bxh4 45. Nc7 Qa2 46. a8=Q Qxe2+ 47. Kh1 Bf2 48. Qxe6+ 1-0